Online networks in institutions of higher education : an assessment of student use /
Saved in:
| Main Author: | |
|---|---|
| Format: | Thesis |
| Language: | English |
| Published: |
Western Michigan University, Kalamazoo, Michigan, 1998
|
| Subjects: | |
| Online Access: | Click here to view 1st 24 pages of the thesis. Members can view fulltext at the specified PCs in the library. |
| Tags: |
Add Tag
No Tags, Be the first to tag this record!
|
| LEADER | 016330000a22003490004500 | ||
|---|---|---|---|
| 001 | 179274 | ||
| 005 | 20230420085148.0 | ||
| 008 | 991116s1998 miu g 000 0 eng d | ||
| 035 | |a (Sirsi) 179274 | ||
| 040 | |a UIAM |b eng |e rda | ||
| 043 | |a n-us--- | ||
| 050 | 0 | |a LB1028.26 | |
| 100 | 0 | |a Norbaiduri Ruslan, |e author |9 13794 | |
| 245 | 1 | 0 | |a Online networks in institutions of higher education : |b an assessment of student use / |c by Norbaiduri Ruslan |
| 264 | 1 | |b Western Michigan University, Kalamazoo, Michigan, 1998 | |
| 336 | |2 rdacontent |a text | ||
| 337 | |2 rdaedia |a unmediated | ||
| 338 | |2 rdacarrier |a volume | ||
| 502 | |a Thesis (M.A.)--Western Michigan University. | ||
| 504 | |a Includes bibliographical references (pages 89-92). | ||
| 650 | 0 | |a Information retrieval |9 1530 | |
| 650 | 0 | |a Online data processing |9 22280 | |
| 650 | 0 | |a Internet (Computer network) |9 41028 | |
| 650 | 0 | |a World Wide Web |9 4558 | |
| 650 | 0 | |a Computer-assisted instruction |9 17701 | |
| 655 | 0 | 7 | |a Theses, IIUM foreign |9 13634 |
| 856 | 4 | |u https://lib.iium.edu.my/mom/services/mom/document/getFile/XbXI2QZ53zJxlk7nbt8JlEZ9zz1vgLFS20101125083821218 |z Click here to view 1st 24 pages of the thesis. Members can view fulltext at the specified PCs in the library. | |
| 900 | |a a jt | ||
| 942 | |2 lcc |n 0 | ||
| 999 | |c 431269 |d 462760 | ||
| 952 | |0 0 |6 T LB 001028.26 N822O 1998 |7 0 |8 THESES |9 751007 |a IIUM |b IIUM |c MULTIMEDIA |g 0.00 |o t LB 1028.26 N822O 1998 |p 00000608421 |r 2017-10-19 |t 1 |v 0.00 |y THESIS | ||
| 952 | |0 0 |6 TS CDF LB1028.26N822O 1998 |7 0 |8 THESES |9 801388 |a IIUM |b IIUM |c MULTIMEDIA |g 0.00 |o ts cdf LB1028.26N822O 1998 |p 11100326143 |r 2017-10-27 |t 1 |v 0.00 |y THESISDIG | ||
